Life skills for teens: (Record no. 8636)

MARC details
000 -LEADER
fixed length control field 00709nam a22002057a 4500
003 - CONTROL NUMBER IDENTIFIER
control field OSt
005 - DATE AND TIME OF LATEST TRANSACTION
control field 20260305031912.0
008 - FIXED-LENGTH DATA ELEMENTS--GENERAL INFORMATION
fixed length control field 260305b |||||||| |||| 00| 0 eng d
020 ## - INTERNATIONAL STANDARD BOOK NUMBER
International Standard Book Number 9786215110000
040 ## - CATALOGING SOURCE
Original cataloging agency DWCL - Main Lib.
Transcribing agency OC
082 ## - DEWEY DECIMAL CLASSIFICATION NUMBER
Classification number Circ. 248.8 C967l 2025
100 ## - MAIN ENTRY--PERSONAL NAME
Personal name Cullen, V. P.
245 ## - TITLE STATEMENT
Title Life skills for teens:
Remainder of title preparing for adulthood with wisdom, faith and practical skills /
Statement of responsibility, etc. V. P. Cullen
260 ## - PUBLICATION, DISTRIBUTION, ETC.
Place of publication, distribution, etc. ParaƱaque City, Philippines :
Name of publisher, distributor, etc. Acts 29 Publishing,
Date of publication, distribution, etc. c2025.
300 ## - PHYSICAL DESCRIPTION
Extent 80 pages ;
Dimensions 22cm.
650 ## - SUBJECT ADDED ENTRY--TOPICAL TERM
Topical term or geographic name entry element 1. Christian life -- Youth.
650 ## - SUBJECT ADDED ENTRY--TOPICAL TERM
Topical term or geographic name entry element 2. Christian teenagers -- Religious life.
650 ## - SUBJECT ADDED ENTRY--TOPICAL TERM
Topical term or geographic name entry element 3. Teenagers -- Conduct of life.
942 ## - ADDED ENTRY ELEMENTS (KOHA)
Source of classification or shelving scheme Dewey Decimal Classification
Koha item type Book Circulation
Suppress in OPAC No
952 ## - LOCATION AND ITEM INFORMATION (KOHA)
--
Holdings
Withdrawn status Lost status Source of classification or shelving scheme Damaged status Not for loan Home library Current library Shelving location Date acquired Source of acquisition Cost, normal purchase price Total Checkouts Full call number Barcode Date last seen Copy number Price effective from Koha item type Uniform Resource Identifier
    Dewey Decimal Classification     Junior High School Library Junior High School Library Circulation 02/23/2026 School Fund 99.00   Circ. 248.8 C967l 2025 JHS - 21531 03/05/2026 c1 03/05/2026 BK-CIRC